[Event "SK Münster 2 - SK Sodingen/Castrop 1"]
[Site "NRW-Klasse - Gruppe 2 2021/20"]
[Date "2021.11.07"]
[Round "1.2"]
[White "Virnyi, Julius"]
[Black "Waldschmidt, Georg"]
[Result "1/2-1/2"]
[WhiteElo "2051"]
[BlackElo "2127"]
[PlyCount "33"]
[EventDate "2021.??.??"]
[SourceVersionDate "2020.03.16"]
[WhiteTeam "SK Münster 2"]
[BlackTeam "SK Sodingen/Castrop 1"]

1. d4 d5 2. c4 e6 3. Nf3 Nf6 4. g3 c5 5. cxd5 exd5 6. Bg2 Nc6 7. O-O Be7 8. Nc3
O-O 9. dxc5 Bxc5 10. Na4 Be7 11. Be3 Re8 12. Rc1 Bg4 13. Nc5 Qb6 14. Ne6 Qa5
15. Bd2 Qb6 16. Be3 Qa5 17. Bd2 1/2-1/2

[Event "SK Münster 2 - SK Sodingen/Castrop 1"]
[Site "NRW-Klasse - Gruppe 2 2021/20"]
[Date "2021.11.07"]
[Round "1.3"]
[White "Werrn, Pascal"]
[Black "Boesel, Alexander"]
[Result "1-0"]
[WhiteElo "2075"]
[BlackElo "2008"]
[PlyCount "70"]
[EventDate "2021.??.??"]
[SourceVersionDate "2020.03.16"]
[WhiteTeam "SK Sodingen/Castrop 1"]
[BlackTeam "SK Münster 2"]

1. d4 Nf6 2. Nf3 e6 3. Bg5 c5 4. e4 Qa5+ 5. Bd2 Qb6 6. e5 Ne4 7. Nc3 Nxd2 8.
Qxd2 cxd4 9. Nxd4 Nc6 10. Nxc6 dxc6 11. O-O-O Bb4 12. a3 Bxc3 13. Qxc3 Qxf2 14.
Rd4 Bd7 15. Bc4 c5 16. Rd2 Qf4 17. Kb1 Bc6 18. Rf1 Qh6 19. b4 b5 20. Rd6 cxb4
21. Qxb4 O-O 22. Bxe6 fxe6 23. Rxf8+ Rxf8 24. Rxc6 Qxh2 25. Rxe6 Qxg2 26. Re7
Qd5 27. Qg4 g6 28. Qh4 Rf7 29. Rxf7 Qxf7 30. Qd8+ Kg7 31. Qd6 h5 32. e6 Qf1+
33. Ka2 Qc4+ 34. Kb2 Qh4 35. Qd7+ Kf6 1-0

[Event "SK Münster 2 - SK Sodingen/Castrop 1"]
[Site "NRW-Klasse - Gruppe 2 2021/20"]
[Date "2021.11.07"]
[Round "1.4"]
[White "Kamp, Adrian"]
[Black "Banik, Thorsten"]
[Result "1-0"]
[WhiteElo "2013"]
[BlackElo "2099"]
[PlyCount "97"]
[EventDate "2021.??.??"]
[SourceVersionDate "2020.03.16"]
[WhiteTeam "SK Münster 2"]
[BlackTeam "SK Sodingen/Castrop 1"]

1. e4 c5 2. d4 cxd4 3. c3 d3 4. Bxd3 Nc6 5. c4 e6 6. Nf3 Bb4+ 7. Nbd2 Nge7 8.
a3 Bxd2+ 9. Bxd2 d5 10. Qe2 d4 11. e5 Ng6 12. O-O f6 13. Bxg6+ hxg6 14. Qe4 Kf7
15. b4 Rh5 16. g4 Rh3 17. b5 f5 18. Qf4 Rxf3 19. Qxf3 Nxe5 20. Qe2 Nxg4 21. f3
d3 22. Qg2 Ne5 23. Rac1 Qh4 24. f4 Ng4 25. Rf3 Qd8 26. Bc3 a6 27. h3 Nf6 28.
Rg3 axb5 29. Rxg6 Qb6+ 30. Kh1 Ne8 31. cxb5 Qe3 32. Rxg7+ Nxg7 33. Qxg7+ Ke8
34. Qg8+ Kd7 35. Qg7+ Ke8 36. Qg6+ Kd7 37. Qf7+ Kd6 38. Bb4+ Kd5 39. Rc5+ Qxc5
40. Bxc5 Kxc5 41. Qf8+ Kd4 42. Kg2 Ke3 43. Qc5+ Ke2 44. Qe5+ Kd1 45. Qb2 Ke1
46. Qe5+ Kd1 47. Kf2 Ra4 48. Qc3 d2 49. Ke3 1-0

[Event "SK Münster 2 - SK Sodingen/Castrop 1"]
[Site "NRW-Klasse - Gruppe 2 2021/20"]
[Date "2021.11.07"]
[Round "1.5"]
[White "Hille, Ralph Ingo"]
[Black "Weidemann, Jakob"]
[Result "1-0"]
[WhiteElo "2016"]
[BlackElo "2036"]
[PlyCount "95"]
[EventDate "2021.??.??"]
[SourceVersionDate "2020.03.16"]
[WhiteTeam "SK Sodingen/Castrop 1"]
[BlackTeam "SK Münster 2"]

1. d4 Nf6 2. Bf4 e6 3. Nf3 b6 4. e3 Bb7 5. Nbd2 Be7 6. Bd3 Nh5 7. O-O d6 8. Re1
Nd7 9. Bg3 Nxg3 10. hxg3 c5 11. c3 O-O 12. Qe2 Nf6 13. e4 cxd4 14. Nxd4 Rc8 15.
Ba6 Bxa6 16. Qxa6 Rc7 17. a4 Qc8 18. Qe2 a6 19. e5 dxe5 20. Qxe5 Rd8 21. Qe2
Rd5 22. N2f3 Ng4 23. Nc2 Bc5 24. Rf1 e5 25. Rad1 Rxd1 26. Qxd1 Rd7 27. Qe2 f5
28. Nh2 Nxh2 29. Kxh2 e4 30. Qc4+ Kh8 31. b4 Rc7 32. bxc5 Rxc5 33. Qf7 Rc7 34.
Qd5 Rxc3 35. Ne3 Rc5 36. Qd6 Rc6 37. Qe7 Rc7 38. Qb4 Rc6 39. Rd1 Rf6 40. Qe7
Rf8 41. Rd7 Rg8 42. Nxf5 Qc6 43. Nd6 h6 44. Nxe4 Qg6 45. f3 b5 46. axb5 axb5
47. Qf7 Qc6 48. Rb7 1-0

[Event "SK Münster 2 - SK Sodingen/Castrop 1"]
[Site "NRW-Klasse - Gruppe 2 2021/20"]
[Date "2021.11.07"]
[Round "1.6"]
[White "Kamp, Aaron"]
[Black "Foerster, Wolfgang"]
[Result "1/2-1/2"]
[WhiteElo "1928"]
[BlackElo "2008"]
[PlyCount "87"]
[EventDate "2021.??.??"]
[SourceVersionDate "2020.03.16"]
[WhiteTeam "SK Münster 2"]
[BlackTeam "SK Sodingen/Castrop 1"]

1. e4 c5 2. d4 cxd4 3. c3 d3 4. Bxd3 Nc6 5. c4 d6 6. Nc3 g6 7. Nge2 Bg7 8. O-O
Nf6 9. Be3 Bd7 10. f3 Ne5 11. b3 Nxd3 12. Qxd3 O-O 13. Bd4 Bc6 14. Nd5 Bxd5 15.
exd5 Re8 16. Nc3 e6 17. dxe6 Rxe6 18. Rad1 Qa5 19. Nb5 Ne8 20. Rd2 a6 21. Nc3
Nf6 22. Bxf6 Bxf6 23. Ne4 Be7 24. Rfd1 b5 25. Qd5 Rb8 26. Qc6 bxc4 27. Qxc4
Qb6+ 28. Kh1 a5 29. Rd5 h6 30. Qd3 Bf8 31. Nxd6 Qf2 32. Qb1 Re2 33. Rg1 Bxd6
34. Rxd6 Rxa2 35. Rxg6+ fxg6 36. Qxg6+ Kh8 37. Qf6+ Kg8 38. Qe6+ Kh7 39. Qe4+
Kg8 40. Qc4+ Kh8 41. Qc3+ Kg8 42. Qc4+ Kh8 43. Qc3+ Kg8 44. Qc4+ 1/2-1/2

[Event "SK Münster 2 - SK Sodingen/Castrop 1"]
[Site "NRW-Klasse - Gruppe 2 2021/20"]
[Date "2021.11.07"]
[Round "1.7"]
[White "Ribbeheger, Edgar"]
[Black "Schroeder, Lennart"]
[Result "0-1"]
[WhiteElo "1992"]
[BlackElo "1945"]
[PlyCount "44"]
[EventDate "2021.??.??"]
[SourceVersionDate "2020.03.16"]
[WhiteTeam "SK Sodingen/Castrop 1"]
[BlackTeam "SK Münster 2"]

1. d4 Nf6 2. c4 g6 3. Nc3 d5 4. cxd5 Nxd5 5. e4 Nxc3 6. bxc3 Bg7 7. Bc4 c5 8.
Ne2 O-O 9. O-O Nc6 10. Be3 b6 11. Rb1 Qc7 12. dxc5 bxc5 13. Qa4 Bb7 14. Rb5
Rfd8 15. Bd5 Rac8 16. Rxc5 e6 17. Bb3 Qb8 18. Bg5 Rd7 19. Bf4 Qa8 20. f3 a5 21.
Rc1 Qa7 22. Be3 Bf8 0-1

[Event "SK Münster 2 - SK Sodingen/Castrop 1"]
[Site "NRW-Klasse - Gruppe 2 2021/20"]
[Date "2021.11.07"]
[Round "1.8"]
[White "Hartmann, Steffen"]
[Black "Kock, Wolfgang"]
[Result "1/2-1/2"]
[WhiteElo "1903"]
[BlackElo "1996"]
[PlyCount "71"]
[EventDate "2021.??.??"]
[SourceVersionDate "2020.03.16"]
[WhiteTeam "SK Münster 2"]
[BlackTeam "SK Sodingen/Castrop 1"]

1. e4 d6 2. d4 Nf6 3. Nc3 c6 4. Nf3 Bg4 5. Be2 e6 6. O-O d5 7. Bg5 Be7 8. exd5
Bxf3 9. Bxf3 cxd5 10. Re1 O-O 11. Ne2 Nc6 12. c3 Rc8 13. Nf4 b5 14. a3 a5 15.
Nd3 b4 16. axb4 axb4 17. Bd2 bxc3 18. bxc3 Na5 19. Qa4 Nc4 20. Bf4 h6 21. h3
Nd7 22. Reb1 g5 23. Bc1 Qc7 24. Qd1 Ra8 25. h4 Rxa1 26. Rxa1 Nd6 27. Qe1 Rc8
28. Bd2 Bf6 29. Rc1 Nc4 30. Be2 Nxd2 31. Qxd2 e5 32. dxe5 Nxe5 33. Nxe5 Qxe5
34. Bf3 Rxc3 35. Rxc3 Qxc3 36. Qxc3 1/2-1/2

[Event "Südlohner SV 1 - SG Ennepe-Ruhr-Süd 1"]
[Site "NRW-Klasse - Gruppe 2 2021/20"]
[Date "2021.11.07"]
[Round "1.1"]
[White "Arndt, Stefan"]
[Black "Voelker, Christian"]
[Result "1/2-1/2"]
[WhiteElo "2116"]
[BlackElo "2079"]
[PlyCount "48"]
[EventDate "2021.??.??"]
[SourceVersionDate "2020.03.16"]
[WhiteTeam "SG Ennepe-Ruhr-Süd 1"]
[BlackTeam "Südlohner SV 1"]

1. e4 d5 2. exd5 Qxd5 3. Nc3 Qd6 4. d4 Nf6 5. Nf3 a6 6. g3 b5 7. Bg2 Bb7 8. O-O
e6 9. Qe2 Nbd7 10. Bf4 Qb6 11. a4 b4 12. a5 Qa7 13. Na4 Bd6 14. Bxd6 cxd6 15.
Qd2 Rb8 16. c4 bxc3 17. Qxc3 Bd5 18. Rfc1 Qb7 19. Ne1 O-O 20. Qc7 Ne4 21. Nd3
Nd2 22. Qxb7 Bxb7 23. Rc7 Bxg2 24. Kxg2 Nf6 1/2-1/2

[Event "Südlohner SV 1 - SG Ennepe-Ruhr-Süd 1"]
[Site "NRW-Klasse - Gruppe 2 2021/20"]
[Date "2021.11.07"]
[Round "1.2"]
[White "Kolakovic, Klaudio"]
[Black "Tripolsky, Eugen"]
[Result "0-1"]
[WhiteElo "2100"]
[BlackElo "2204"]
[PlyCount "66"]
[EventDate "2021.??.??"]
[SourceVersionDate "2020.03.16"]
[WhiteTeam "Südlohner SV 1"]
[BlackTeam "SG Ennepe-Ruhr-Süd 1"]

1. d4 Nf6 2. Nc3 d5 3. e4 Nxe4 4. Nxe4 dxe4 5. Be3 Bf5 6. f3 e6 7. Qd2 c5 8.
Bb5+ Nc6 9. Bxc6+ bxc6 10. dxc5 Qxd2+ 11. Kxd2 O-O-O+ 12. Kc3 Be7 13. Ne2 exf3
14. gxf3 Rd5 15. Nf4 Bf6+ 16. Kc4 Rd7 17. Rad1 Bxc2 18. Rxd7 Kxd7 19. Rc1 Bf5
20. Rd1+ Kc7 21. b4 h5 22. b5 cxb5+ 23. Kb4 g5 24. Ne2 Rd8 25. Rxd8 Bxd8 26.
Nd4 a6 27. a4 bxa4 28. Kxa4 Bd3 29. Kb4 e5 30. Nb3 Be2 31. Nd2 Kc6 32. Ne4 f6
33. Nd2 a5+ 0-1

[Event "Südlohner SV 1 - SG Ennepe-Ruhr-Süd 1"]
[Site "NRW-Klasse - Gruppe 2 2021/20"]
[Date "2021.11.07"]
[Round "1.3"]
[White "Arakelian, Aik"]
[Black "Engels, Natia"]
[Result "1/2-1/2"]
[WhiteElo "2082"]
[BlackElo "2081"]
[PlyCount "85"]
[EventDate "2021.??.??"]
[SourceVersionDate "2020.03.16"]
[WhiteTeam "SG Ennepe-Ruhr-Süd 1"]
[BlackTeam "Südlohner SV 1"]

1. e4 c5 2. Nc3 Nc6 3. Nge2 g6 4. g3 Bg7 5. Bg2 Nf6 6. O-O O-O 7. d3 d6 8. f4
Nd4 9. h3 h5 10. Be3 Nh7 11. f5 e6 12. fxg6 fxg6 13. Nf4 Qe8 14. Qd2 Bd7 15.
Rae1 Be5 16. h4 Rf6 17. Nd1 g5 18. hxg5 Nxg5 19. c3 Qf7 20. cxd4 cxd4 21. Bf2
h4 22. Ne2 Qg7 23. Bxd4 Rxf1+ 24. Rxf1 Bxd4+ 25. Nxd4 Qxd4+ 26. Qe3 Qxe3+ 27.
Nxe3 hxg3 28. Nc4 Rc8 29. Nxd6 Rc2 30. Nc4 Bb5 31. Ne5 Rxb2 32. Rf6 Be8 33. Nf3
Kg7 34. e5 Bc6 35. Nxg5 Rxg2+ 36. Kf1 Rxa2 37. Nxe6+ Kg8 38. Rf8+ Kh7 39. Rf7+
Kh6 40. Rf6+ Kh5 41. Rf5+ Kg4 42. Rf4+ Kh5 43. Rf5+ 1/2-1/2

[Event "Südlohner SV 1 - SG Ennepe-Ruhr-Süd 1"]
[Site "NRW-Klasse - Gruppe 2 2021/20"]
[Date "2021.11.07"]
[Round "1.4"]
[White "Darwisch, Khaled"]
[Black "Bruchmann, Norbert"]
[Result "0-1"]
[WhiteElo "2076"]
[BlackElo "2048"]
[PlyCount "172"]
[EventDate "2021.??.??"]
[SourceVersionDate "2020.03.16"]
[WhiteTeam "Südlohner SV 1"]
[BlackTeam "SG Ennepe-Ruhr-Süd 1"]

1. e4 e6 2. d3 d5 3. Nd2 c5 4. g3 Nc6 5. Bg2 g6 6. Ne2 Bg7 7. O-O Nf6 8. h3 O-O
9. f4 Ne8 10. g4 f5 11. gxf5 exf5 12. exd5 Nb4 13. Nc3 Nc7 14. d6 Qxd6 15. Nc4
Qd8 16. Be3 Bd4 17. Bxd4 Qxd4+ 18. Kh2 Be6 19. Ne2 Qg7 20. a3 Nbd5 21. a4 Rad8
22. Qd2 b6 23. Ng1 Nb4 24. Ne5 Bd5 25. c3 Bxg2 26. Kxg2 Nxd3 27. Nxd3 c4 28.
Rf3 Qd7 29. Ne2 cxd3 30. Nd4 Ne6 31. Rxd3 Nc5 32. Rf3 Nxa4 33. Qe2 Nc5 34. Qc4+
Rf7 35. Re3 Ne4 36. Re2 Qd5 37. Qxd5 Rxd5 38. Ra4 a5 39. Rc4 Rb7 40. Rc6 b5 41.
Nf3 a4 42. Ra6 Rc7 43. Ra8+ Kg7 44. Nd4 Kf7 45. Rb8 a3 46. Rxb5 axb2 47. Rexb2
Nxc3 48. Rb7 Rdd7 49. Rxc7 Rxc7 50. Nf3 Ne4 51. Ne5+ Ke6 52. Nf3 Kd5 53. Ra2
Rb7 54. Rc2 Nf6 55. Kf2 Ke4 56. Rc4+ Kd3 57. Ne5+ Kd2 58. Nf3+ Kd1 59. Rd4+ Kc1
60. Rc4+ Kd1 61. Rd4+ Kc2 62. Rc4+ Kb2 63. Nd4 Kb1 64. Ke3 Nd5+ 65. Kf3 Rb2 66.
Kg3 Rd2 67. Nf3 Rd3 68. Kf2 Kb2 69. Ng5 Kb3 70. Rc6 Nxf4 71. Nxh7 Nxh3+ 72. Kg2
g5 73. Rc5 f4 74. Nxg5 Rg3+ 75. Kh2 Nxg5 76. Rc1 Rc3 77. Rf1 Rc2+ 78. Kh1 Rc4
79. Kg2 Kb4 80. Kf2 Kc5 81. Ra1 Kd4 82. Rd1+ Ke4 83. Re1+ Kf5 84. Ra1 Rc2+ 85.
Kg1 Kg4 86. Rb1 Nf3+ 0-1

[Event "Südlohner SV 1 - SG Ennepe-Ruhr-Süd 1"]
[Site "NRW-Klasse - Gruppe 2 2021/20"]
[Date "2021.11.07"]
[Round "1.5"]
[White "Heller, Achim"]
[Black "Doennebrink, Elmar"]
[Result "1/2-1/2"]
[WhiteElo "1985"]
[BlackElo "2047"]
[PlyCount "89"]
[EventDate "2021.??.??"]
[SourceVersionDate "2020.03.16"]
[WhiteTeam "SG Ennepe-Ruhr-Süd 1"]
[BlackTeam "Südlohner SV 1"]

1. d4 Nf6 2. c4 g6 3. Nc3 Bg7 4. e4 d6 5. Nge2 O-O 6. Ng3 c5 7. d5 e6 8. Be2
exd5 9. cxd5 Nbd7 10. O-O Qc7 11. Nb5 Qb8 12. a4 Re8 13. Nc3 a5 14. h3 Nb6 15.
Qb3 Qc7 16. Bf4 Bd7 17. Bb5 Rad8 18. Rfe1 Nc8 19. Rad1 h6 20. Qc2 Kh7 21. Qd2
Qb8 22. Re2 Na7 23. Qd3 Bxb5 24. Nxb5 Nxb5 25. Qxb5 Qc7 26. Bd2 Ra8 27. Rc1 Qd7
28. Qc4 Qd8 29. Bc3 Nd7 30. Qb3 Qb6 31. Qc2 Qc7 32. Nf1 Nb6 33. Rd1 Qd7 34.
Bxg7 Kxg7 35. b3 Qc7 36. Ne3 Re7 37. h4 h5 38. f3 Nd7 39. Qc3+ f6 40. Nc4 Ne5
41. Rde1 Nxc4 42. bxc4 Qd7 43. Qc2 Rae8 44. Kf2 Kf7 45. Kf1 1/2-1/2

[Event "Südlohner SV 1 - SG Ennepe-Ruhr-Süd 1"]
[Site "NRW-Klasse - Gruppe 2 2021/20"]
[Date "2021.11.07"]
[Round "1.6"]
[White "Teloeken, Andreas"]
[Black "Nasoyan, Maksim"]
[Result "1-0"]
[WhiteElo "2024"]
[BlackElo "1895"]
[PlyCount "51"]
[EventDate "2021.??.??"]
[SourceVersionDate "2020.03.16"]
[WhiteTeam "Südlohner SV 1"]
[BlackTeam "SG Ennepe-Ruhr-Süd 1"]

1. Nf3 c5 2. c4 Nc6 3. Nc3 g6 4. e3 Nf6 5. d4 cxd4 6. exd4 d5 7. cxd5 Nxd5 8.
Qb3 Bg7 9. Qxd5 O-O 10. Qxd8 Rxd8 11. Be3 Nb4 12. O-O-O Bf5 13. a3 Nc6 14. Bd3
Bg4 15. Be4 Na5 16. Kb1 Rac8 17. h3 Bd7 18. Rc1 Nb3 19. Rc2 b5 20. Nd5 Kf8 21.
Rxc8 Bxc8 22. Nc3 b4 23. axb4 Nxd4 24. Bxd4 Bxd4 25. Nxd4 Rxd4 26. Rd1 1-0

[Event "Südlohner SV 1 - SG Ennepe-Ruhr-Süd 1"]
[Site "NRW-Klasse - Gruppe 2 2021/20"]
[Date "2021.11.07"]
[Round "1.7"]
[White "Heinzemann, Thomas"]
[Black "Hater, Wolfgang"]
[Result "0-1"]
[WhiteElo "1926"]
[BlackElo "2004"]
[PlyCount "168"]
[EventDate "2021.??.??"]
[SourceVersionDate "2020.03.16"]
[WhiteTeam "SG Ennepe-Ruhr-Süd 1"]
[BlackTeam "Südlohner SV 1"]

1. e4 e5 2. f4 d6 3. Nf3 Nd7 4. Bc4 Be7 5. d4 Nb6 6. Bb3 exd4 7. Qxd4 Nf6 8. c4
O-O 9. Nc3 c6 10. Bd2 a5 11. a3 Nfd7 12. O-O d5 13. Kh1 Nc5 14. Bc2 Ne6 15. Qd3
dxc4 16. Qe2 Bc5 17. Rad1 Nd4 18. Nxd4 Bxd4 19. Be3 c5 20. Nb5 Qh4 21. Nxd4
cxd4 22. Rxd4 Bg4 23. Qd2 Rfc8 24. f5 c3 25. bxc3 Nc4 26. Qc1 Be2 27. Bg5 Qh5
28. Re1 Ne5 29. Bf4 f6 30. Bb3+ Kh8 31. Qd2 Bc4 32. Bd1 Qe8 33. Re3 Bg8 34.
Bxe5 Qxe5 35. Qb2 h6 36. Ba4 Rc7 37. h3 Rac8 38. Rdd3 Kh7 39. Bb5 Re7 40. a4
Qf4 41. Qe2 Bc4 42. Bxc4 Rxc4 43. Rd4 Rc5 44. g3 Qb8 45. Red3 Qe8 46. Rd8 Qc6
47. Qg4 Qxe4+ 48. Qxe4 Rxe4 49. g4 h5 50. Rb8 hxg4 51. Rdd8 Kh6 52. h4 Rxf5 53.
Rxb7 Rf2 54. Kg1 Rc2 55. Rh8+ Kg6 56. h5+ Kf5 57. Rb1 Rxc3 58. h6 gxh6 59. Rxh6
Kg5 60. Rh8 Kf4 61. Rh6 f5 62. Rh5 Re5 63. Ra1 Rec5 64. Rf1+ Rf3 65. Ra1 Kg3
66. Rh2 Rfc3 67. Rg2+ Kf4 68. Rf2+ Kg5 69. Raf1 R3c4 70. Rb2 Rc2 71. Rb8 Rc1
72. Rb5 Kh4 73. Kg2 R5c2+ 74. Kg1 Rxf1+ 75. Kxf1 f4 76. Rxa5 Kg3 77. Re5 Kf3
78. a5 g3 79. Re1 Ra2 80. Rb1 Rxa5 81. Rb3+ Kg4 82. Rb1 f3 83. Kg1 Kh3 84. Kf1
Ra2 0-1

[Event "Südlohner SV 1 - SG Ennepe-Ruhr-Süd 1"]
[Site "NRW-Klasse - Gruppe 2 2021/20"]
[Date "2021.11.07"]
[Round "1.8"]
[White "Richters, Alfred"]
[Black "Beller, Anthony"]
[Result "1-0"]
[WhiteElo "1823"]
[BlackElo "1755"]
[PlyCount "105"]
[EventDate "2021.??.??"]
[SourceVersionDate "2020.03.16"]
[WhiteTeam "Südlohner SV 1"]
[BlackTeam "SG Ennepe-Ruhr-Süd 1"]

1. d4 Nf6 2. Nc3 g6 3. e4 Bg7 4. e5 Ng8 5. f4 d6 6. Bd3 c5 7. Nf3 Nh6 8. dxc5
O-O 9. O-O dxe5 10. fxe5 Qc7 11. Qe2 Ng4 12. Bf4 Qxc5+ 13. Kh1 Nc6 14. Rae1 Be6
15. a3 Rad8 16. h3 Nh6 17. g4 Nxg4 18. hxg4 Bxg4 19. Qe4 Nd4 20. Nxd4 Rxd4 21.
Be3 Rxe4 22. Bxc5 Bf3+ 23. Kg1 Rg4+ 24. Kf2 Bc6 25. Rg1 Rf4+ 26. Ke2 Bh6 27.
Be3 Rh4 28. Bxh6 Rh2+ 29. Kd1 Rxh6 30. Be4 Rd8+ 31. Kc1 Bxe4 32. Rxe4 Rh5 33.
Rd1 Rxd1+ 34. Kxd1 Kg7 35. Nd5 e6 36. Nf6 Rh1+ 37. Kd2 g5 38. c4 h5 39. c5 a5
40. Ne8+ Kg6 41. Nd6 g4 42. Nxb7 g3 43. Re2 h4 44. c6 h3 45. c7 g2 46. c8=Q
g1=Q 47. Qg8+ Kh6 48. Qh8+ Kg5 49. Qf6+ Kg4 50. Re4+ Kg3 51. Qf4+ Kg2 52. Re2+
Qf2 53. Qxf2# 1-0

[Event "SG Turm Raesfeld/Erle 1 - SV Wattensche"]
[Site "NRW-Klasse - Gruppe 2 2021/20"]
[Date "2021.11.07"]
[Round "1.1"]
[White "Schroeder, Wilfried"]
[Black "Greifenberg, Daniel"]
[Result "1-0"]
[WhiteElo "2143"]
[BlackElo "2124"]
[PlyCount "115"]
[EventDate "2021.??.??"]
[SourceVersionDate "2020.03.16"]
[WhiteTeam "SV Wattenscheid 2"]
[BlackTeam "SG Turm Raesfeld/Erle 1"]

1. d4 Nf6 2. Nf3 c5 3. e3 g6 4. Be2 Bg7 5. O-O b6 6. c4 Bb7 7. Nc3 cxd4 8. Nxd4
O-O 9. b3 Nc6 10. Bf3 e5 11. Nxc6 dxc6 12. Ba3 Re8 13. Qxd8 Raxd8 14. Rad1 Rxd1
15. Rxd1 e4 16. Nxe4 Nxe4 17. Bxe4 Bf8 18. Bxf8 Kxf8 19. Bf3 Ke7 20. Kf1 Rb8
21. Ke2 Rc8 22. h4 h5 23. Rd2 Rc7 24. Kd3 Bc8 25. Kc3 Be6 26. Be4 Rc8 27. b4 c5
28. b5 Rg8 29. f4 Re8 30. Bc6 Rc8 31. e4 Kf6 32. g3 Ke7 33. a4 Rc7 34. a5 Bc8
35. axb6 axb6 36. Ra2 Bd7 37. Bd5 Be6 38. Ra6 Bxd5 39. cxd5 Rb7 40. e5 Kd7 41.
Kc4 Ke7 42. Ra8 Kd7 43. Ra6 Ke7 44. d6+ Ke6 45. Ra8 f6 46. Re8+ Kf7 47. Rc8 Ke6
48. Rc7 Rb8 49. Re7+ Kf5 50. Rf7 Ra8 51. Rxf6+ Ke4 52. e6 Ra4+ 53. Kb3 Rd4 54.
e7 Kd3 55. e8=Q Rb4+ 56. Ka3 Kc2 57. Qe2+ Kc3 58. Qe1+ 1-0

[Event "SG Turm Raesfeld/Erle 1 - SV Wattensche"]
[Site "NRW-Klasse - Gruppe 2 2021/20"]
[Date "2021.11.07"]
[Round "1.2"]
[White "Wilger, Frank"]
[Black "Peter, Thomas"]
[Result "1-0"]
[WhiteElo "2127"]
[BlackElo "2128"]
[PlyCount "125"]
[EventDate "2021.??.??"]
[SourceVersionDate "2020.03.16"]
[WhiteTeam "SG Turm Raesfeld/Erle 1"]
[BlackTeam "SV Wattenscheid 2"]

1. d4 Nf6 2. Nf3 g6 3. b3 Bg7 4. Bb2 d5 5. Nbd2 O-O 6. e3 c6 7. Bd3 Nbd7 8. O-O
a5 9. c4 b6 10. cxd5 cxd5 11. Qe2 Bb7 12. Rfc1 Rc8 13. h3 Ne4 14. Rxc8 Qxc8 15.
Rc1 Qb8 16. Ba3 Nd6 17. b4 Rc8 18. Rxc8+ Qxc8 19. bxa5 bxa5 20. Bxd6 exd6 21.
Qd1 Bf6 22. Qa4 Bd8 23. Nb3 Nf6 24. Qa3 Qc7 25. Qc1 Qxc1+ 26. Nxc1 Nd7 27. Bb5
Nf8 28. Kf1 f5 29. Ke2 Ne6 30. Kd2 Nc7 31. Bd3 Bc6 32. g3 Kg7 33. h4 Kf6 34.
Ng1 Ne6 35. Nge2 a4 36. Nc3 Ba5 37. N1e2 h6 38. Kd1 Nc7 39. Bc2 a3 40. Ba4
Bxa4+ 41. Nxa4 Nb5 42. Nf4 Nc7 43. Kc2 g5 44. hxg5+ hxg5 45. Nd3 Nb5 46. Kb3
Ke7 47. Nb4 Ke6 48. Nc3 Nxc3 49. Kxc3 g4 50. Kb3 f4 51. exf4 Kf5 52. Nxd5 Ke4
53. Kc4 Be1 54. Nc3+ Kf3 55. f5 Bxf2 56. f6 Be3 57. f7 Bh6 58. Kd5 Kxg3 59.
Ne4+ Kf3 60. Nxd6 Bf8 61. Ke5 Bg7+ 62. Ke6 Bf8 63. Nf5 1-0

[Event "SG Turm Raesfeld/Erle 1 - SV Wattensche"]
[Site "NRW-Klasse - Gruppe 2 2021/20"]
[Date "2021.11.07"]
[Round "1.3"]
[White "Schlehoefer, Ralf"]
[Black "Buendgen, Achim"]
[Result "1-0"]
[WhiteElo "2147"]
[BlackElo "2091"]
[PlyCount "121"]
[EventDate "2021.??.??"]
[SourceVersionDate "2020.03.16"]
[WhiteTeam "SV Wattenscheid 2"]
[BlackTeam "SG Turm Raesfeld/Erle 1"]

1. d4 Nf6 2. Nf3 c5 3. e3 g6 4. c3 cxd4 5. exd4 d5 6. Bd3 Bg4 7. Qa4+ Nc6 8.
Ne5 Bd7 9. Nxd7 Qxd7 10. O-O Bg7 11. Bg5 O-O 12. Nd2 a6 13. Qd1 Rfe8 14. Re1
Rac8 15. Nf3 b5 16. b4 Qb7 17. a4 Nd8 18. axb5 axb5 19. Bxf6 Bxf6 20. Qb3 Ne6
21. Ra5 Nc7 22. Ne5 Bxe5 23. Rxe5 e6 24. h4 Ra8 25. Re1 Ra6 26. h5 Kg7 27. Rxa6
Qxa6 28. Qc2 Ra8 29. Qd2 Qd6 30. g3 Ra3 31. Kg2 Qe7 32. h6+ Kg8 33. Qb2 Ra8 34.
Ra1 Qe8 35. Ra5 Qc6 36. Qa3 Rc8 37. Ra7 Kf8 38. Qc1 Ra8 39. Rxa8+ Qxa8 40. Qf4
Qd8 41. g4 Kg8 42. g5 f6 43. Qxf6 Qxf6 44. gxf6 Kf7 45. Kg3 Kxf6 46. Kf4 Ne8
47. Bxb5 Nd6 48. Bf1 Nf7 49. b5 Ke7 50. Bh3 Kd6 51. b6 g5+ 52. Kf3 e5 53. Be6
Nxh6 54. dxe5+ Kc6 55. Bxd5+ Kxb6 56. Be6 Kc7 57. Ke4 Kd8 58. Kd5 Ke7 59. c4
Nf7 60. c5 Nd8 61. Bf5 1-0

[Event "SG Turm Raesfeld/Erle 1 - SV Wattensche"]
[Site "NRW-Klasse - Gruppe 2 2021/20"]
[Date "2021.11.07"]
[Round "1.4"]
[White "Gesing, Felix"]
[Black "Gohla, Ulf"]
[Result "0-1"]
[WhiteElo "2056"]
[BlackElo "2101"]
[PlyCount "60"]
[EventDate "2021.??.??"]
[SourceVersionDate "2020.03.16"]
[WhiteTeam "SG Turm Raesfeld/Erle 1"]
[BlackTeam "SV Wattenscheid 2"]

1. e4 e5 2. Nf3 Nc6 3. Bc4 Bc5 4. O-O Nf6 5. d4 Bxd4 6. Nxd4 Nxd4 7. Bg5 Qe7 8.
f4 d6 9. fxe5 dxe5 10. Bxf6 gxf6 11. c3 Ne6 12. Na3 Rg8 13. Bxe6 Bxe6 14. Qf3
Rg6 15. Qe3 b6 16. Rf2 O-O-O 17. b4 Qd7 18. Kh1 Qd1+ 19. Rf1 Qd2 20. Qf2 Rd3
21. Qg1 a6 22. Rac1 Bh3 23. g3 Bxf1 24. Qxf1 Qe3 25. Re1 Qf3+ 26. Qxf3 Rxf3 27.
Nb1 Rf2 28. a4 Rh6 29. h4 Rg6 30. Rg1 Rg4 0-1

[Event "SG Turm Raesfeld/Erle 1 - SV Wattensche"]
[Site "NRW-Klasse - Gruppe 2 2021/20"]
[Date "2021.11.07"]
[Round "1.5"]
[White "Schlange, Stefan"]
[Black "Hoffmann, Fabian"]
[Result "1-0"]
[WhiteElo "2116"]
[BlackElo "1970"]
[PlyCount "52"]
[EventDate "2021.??.??"]
[SourceVersionDate "2020.03.16"]
[WhiteTeam "SV Wattenscheid 2"]
[BlackTeam "SG Turm Raesfeld/Erle 1"]

1. e4 c6 2. d4 d5 3. e5 c5 4. dxc5 Nc6 5. Bb5 e6 6. Be3 Bd7 7. Bxc6 Bxc6 8. Nf3
Ne7 9. O-O Nf5 10. Bd4 g5 11. c3 h5 12. a4 Bg7 13. Na3 g4 14. Ne1 Qg5 15. Nb5
Bxb5 16. axb5 O-O 17. f4 gxf3 18. Nxf3 Qh6 19. Qc1 Qh8 20. Qg5 Qh7 21. Nh4 Nxd4
22. cxd4 Kh8 23. Ra3 Bh6 24. Qf6+ Bg7 25. Qf2 f6 26. Qg3 Kg8 1-0

[Event "SG Turm Raesfeld/Erle 1 - SV Wattensche"]
[Site "NRW-Klasse - Gruppe 2 2021/20"]
[Date "2021.11.07"]
[Round "1.6"]
[White "Broemmel, Rudolf"]
[Black "Schmedders, Hans-Gerd"]
[Result "1/2-1/2"]
[WhiteElo "1926"]
[BlackElo "2099"]
[PlyCount "73"]
[EventDate "2021.??.??"]
[SourceVersionDate "2020.03.16"]
[WhiteTeam "SG Turm Raesfeld/Erle 1"]
[BlackTeam "SV Wattenscheid 2"]

1. Nc3 d5 2. d4 Nf6 3. g3 c5 4. e3 Nc6 5. Bg2 Bg4 6. Nge2 e6 7. h3 Bh5 8. g4
Bg6 9. Nf4 Bd6 10. Nxg6 hxg6 11. Ne2 Qe7 12. dxc5 Bxc5 13. Nd4 Bb6 14. Nxc6
bxc6 15. Qd3 e5 16. Bd2 e4 17. Qa6 O-O 18. Bc3 c5 19. O-O-O Rad8 20. Qa4 Rd6
21. Rd2 Rfd8 22. Rhd1 g5 23. a3 Qe6 24. Bf1 Nd7 25. Bc4 Nf6 26. Bxf6 gxf6 27.
Ba2 Qe5 28. Qb5 Kg7 29. Qf1 Ba5 30. c3 Bxc3 31. Rc2 Ba5 32. Rxc5 Bb6 33. Rc2 d4
34. Qc4 dxe3 35. Qxf7+ Kh6 36. Qh5+ Kg7 37. Qf7+ 1/2-1/2

[Event "SG Turm Raesfeld/Erle 1 - SV Wattensche"]
[Site "NRW-Klasse - Gruppe 2 2021/20"]
[Date "2021.11.07"]
[Round "1.8"]
[White "Tuente, Marcel"]
[Black "Wolf, Ulrich"]
[Result "1-0"]
[WhiteElo "1852"]
[BlackElo "1998"]
[PlyCount "73"]
[EventDate "2021.??.??"]
[SourceVersionDate "2020.03.16"]
[WhiteTeam "SG Turm Raesfeld/Erle 1"]
[BlackTeam "SV Wattenscheid 2"]

1. e4 c5 2. Nc3 Nc6 3. Bb5 Nd4 4. f4 a6 5. Be2 Nxe2 6. Qxe2 d6 7. Nf3 Bg4 8.
O-O e6 9. h3 Bxf3 10. Qxf3 Be7 11. d3 Rc8 12. Be3 b5 13. e5 d5 14. f5 d4 15.
fxe6 fxe6 16. Qf7+ Kd7 17. Qxg7 dxe3 18. Qxh8 Nh6 19. Qxh7 Nf5 20. Rxf5 exf5
21. Qxf5+ Kc7 22. Qe4 Kb8 23. Qxe3 Qc7 24. Nd5 Qd7 25. Nxe7 Qxe7 26. e6 Rc6 27.
Re1 Kb7 28. Qe5 Rc8 29. g4 Rf8 30. Rf1 Rxf1+ 31. Kxf1 Qh4 32. e7 Qxh3+ 33. Kf2
Qh4+ 34. Kf3 Qh1+ 35. Kf4 Qh2+ 36. Kf5 Qxc2 37. e8=Q 1-0